| 000 | 00606cam a2200193 a 4500 | ||
|---|---|---|---|
| 001 | 000005093 | ||
| 005 | 20200929151558.0 | ||
| 008 | 850909s1982 pr 000 0 spa | ||
| 040 |
_aDO-SdBNP _bspa _cBNPHU |
||
| 082 |
_aPR861. 44 _bL615v |
||
| 100 | 1 |
_aLergier, Clara de. _914620 |
|
| 245 | 1 | 0 |
_aVibracion! / _cClara de Lergier. |
| 260 |
_aSan Juan, Puerto Rico : _bBiblioteca de Autores Puertorriqueños , _c1982. |
||
| 300 |
_a69 p. : _bill. ; _c21 cm. |
||
| 650 | 4 |
_aPoesía puertorriqueña _91015 |
|
| 650 | 4 |
_aLiteratura puertorriqueña _9250 |
|
| 910 | _aCatalogación por copia / LC | ||
| 049 | _aBNGR | ||
| 999 |
_c4896 _d4896 |
||